000 00597nam a2200229Ia 4500
003 OSt
005 20220918201844.0
006 a|||||r|||| 00| 0
007 ta
008 220917b |||||||| |||| 00| 0 eng d
024 _a96,975
037 _cTextual
040 _aARTS
_cARTS
_beng
041 _2eng
_aeng
082 _aV2:2:9(W6), K1
100 _aRao K V
_9101021
245 0 _aParliamentary democracy of India
_b A critical commentary
260 _aNA
_bNA
_c1961
650 _aHISTORY
942 _hV2:2:9(W6), K1
_cTEXL
_2CC
999 _c220575
_d220575